La libertad, la existencia y el ser
Saved in:
| Main Author: | |
|---|---|
| Format: | Book |
| Language: | Spanish |
| Published: |
Buenos Aires
Instituto de Filosofía de la Facultad de Filosofía y Letras, Buenos Aires
1942
|
| Series: | Publicaciones de Ensayos Filosoficos, 1
|
| Subjects: | |
| Tags: |
Add Tag
No Tags, Be the first to tag this record!
|
MARC
| LEADER | 00000nam a2200000 a 4500 | ||
|---|---|---|---|
| 001 | UCZ3572 | ||
| 003 | CL-VaPUC | ||
| 008 | 951027e19420000AG |||||||||||||||||spa|d | ||
| 082 | 0 | 4 | |a 111.1 |b VIR |2 21 |
| 100 | 0 | |a Virasoro, Miguel Angel |e author |9 347372 | |
| 245 | 1 | 3 | |a La libertad, la existencia y el ser |
| 300 | |a 246 p | ||
| 942 | |c BK | ||
| 945 | |d 19951027 00:00:00 |a rleighto | ||
| 260 | |a Buenos Aires |b Instituto de Filosofía de la Facultad de Filosofía y Letras, Buenos Aires |c 1942 | ||
| 650 | 0 | |a Filosofía |9 223554 | |
| 650 | 0 | |a Ontología |9 256850 | |
| 650 | 0 | |a Metafísica |9 265649 | |
| 650 | 0 | |a Existencialismo |9 265698 | |
| 650 | 0 | |a Libertad |9 255686 | |
| 650 | 7 | |a HOMBRE |2 CL-VaPUC |9 262149 | |
| 583 | |a last modification |c 19951027 00:00:00 |k Rodrigo Vera | ||
| 490 | 0 | |a Publicaciones de Ensayos Filosoficos, 1 | |
| 999 | |c 240031 |d 240029 | ||
| 952 | |0 0 |1 0 |4 0 |6 111_100000000000000_VIR_1942 |7 0 |8 P |9 251620 |a BIBEDU |b BIBEDU |c BIBEDU_PB |d 2019-11-18 |i 3129896 |o 111.1 VIR 1942 |p 3129896 |r 2024-01-25 |w 2019-11-18 |y BK |k FIL | ||